Most Popular Programming Languages (2019) - Statistics

General Stats
  • This quiz has been taken 394 times
  • The average score is 11 of 20
Answer Stats
Rank Language % Correct
4 C#
97%
6 C/C++
97%
2 Java
97%
1 Python
94%
3 Javascript
82%
7 R
77%
5 PHP
64%
14 Ruby
64%
15 Go
50%
9 Swift
43%
8 Objective-C
41%
19 Perl
40%
18 Rust
39%
17 Visual Basic
38%
12 Kotlin
30%
10 Matlab
27%
16 Scala
27%
11 TypeScript
27%
20 Lua
23%
13 VBA
6%
No matching quizzes found
Score Distribution
Percent of People with Each Score
Percentile by Number Answered
Your Score History
You have not taken this quiz